| 000 | 01335nam a2200217Ia 4500 | ||
|---|---|---|---|
| 008 | 000000[1990?] sp a 0000000000spa00 | ||
| 090 | _aPSP00 B67a | ||
| 100 | 1 |
_aBorrás Llop, Jorge _d1947 |
|
| 245 | 1 | 0 |
_aA xing xiaosheng 7989 _c/ Jorge Borrás Llop ; fotografos A. Cabal ...[et al.] ; dibujantes L. Ordoñez, F. Solé ; traductores E. Pereira, R. Tshimpamga, D. Mcm.urray |
| 300 |
_a12 pleg . _c/ 30 cm. |
||
| 500 | _aIncluye un folleto en Braile. \ Con el patronazgo del maestro venezolano Jesús Rafael Soto (q.e.p.d.) | ||
| 505 | _aFolleto 1: Mi mundo creativo Folleto 2 : Yeir Folleto 3 : homenaje de mis colores a Hiroshima Folleto 4: Homenaje a la selva amazónica Folleto 5: homenaje al continente Antártico Folleto 6: Homenaje a comunidad negra en América Folleto 7: Tántalo Folleto 8: Otoño en primavera Folleto 9 : primavera en el otoño Folleto 10 : hambre siglo XXI Folleto 11 : estudios Folleto 12 en Braile. | ||
| 600 | 0 | 0 |
_aBORRAS LLOP, JORGE, 1947/ _xTRABAJOS PICTORICOS |
| 650 | 1 | 4 | _aARTE CONTEMPORANEO ESPAÑOL |
| 650 | 1 | 4 | _xCATALOGOS |
| 650 | 1 | 4 | _xEXPOSICIONES |
| 650 | 1 | 4 | _aPINTORES ESPAÑOLES |
| 650 | 1 | 4 | _aPINTURA ESPAÑOLA |
| 700 | 1 | _aCabal, A. \ Ordoñez, L. \ Solé, F. \ Pereira, E., tr. \ Tshimpamga, R., tr. \ Mcm.urray, D. | |
| 999 |
_c2078 _d2078 |
||
| 260 |
_aMadrid : Helios _c1990 |
||